| 000 | 01788cam a2200409 i 4500 | ||
|---|---|---|---|
| 001 | 928136958 | ||
| 003 | OCoLC | ||
| 005 | 20210411102958.0 | ||
| 008 | 151102s2016 nyu 000 0 eng | ||
| 010 | _a 2015042727 | ||
| 020 |
_a9781259641213 _q(pbk.) |
||
| 020 |
_a125964121X _q(pbk.) |
||
| 035 |
_a(OCoLC)928136958 _z(OCoLC)922630443 |
||
| 040 |
_aDNLM/DLC _beng _erda _cDLC _dYDXCP _dCLE _dOCLCQ _dCDX |
||
| 042 | _apcc | ||
| 043 | _an-us--- | ||
| 049 | _aYYEA | ||
| 080 |
_a17 _bF-58 |
||
| 099 | _aINTERNET LINK | ||
| 100 | 1 | _aFischer, Conrad. | |
| 245 | 1 | 0 |
_aMedical ethics for the boards _h[electronic resource] / _cConrad Fischer. |
| 250 | _a3rd ed. | ||
| 260 |
_aNew York : _bMcGraw-Hill Education, _c[2016] |
||
| 300 |
_a187 pages ; _c28 cm. |
||
| 365 | _b24.99 usd | ||
| 500 | _aEINSTEIN: available online via McGraw-Hill. See Reference staff for assistance. | ||
| 505 | 0 | _aAutonomy -- Competence and the capacity to make decisions -- Informed consent -- Confidentiality and medical records -- End-of-life issues -- Reproductive issues -- Organ and tissue donation -- Reportable illnesses -- HIV-related issues -- Sexually transmitted diseases (STDs) -- Malpractice -- Doctor/patient relationship -- Doctor and society -- Doctor/doctor relationship -- Experimentation. | |
| 650 | 2 |
_aEthics, Medical _vExamination Questions. |
|
| 650 | 2 |
_aBioethics _vExamination Questions. |
|
| 653 | _aეთიკა | ||
| 653 | _aსამედიცინო ეთიკა | ||
| 655 | 7 | _aElectronic books. | |
| 700 |
_9110 _aOneto, Caterina |
||
| 710 | 2 | _aMcGraw-Hill (Online Service) | |
| 856 | 4 | 1 |
_uhttps://elibrary.einsteinmed.org/login?url=https://mhebooklibrary.com/doi/book/10.1036/9781259641220 _zEINSTEIN: McGraw-Hill first aid collection |
| 942 |
_2udc _cBK _e3 |
||
| 999 |
_c38 _d38 |
||